000 00526nam a2200181Ia 4500
005 20250508155659.0
008 008 250505s9999 xx 000 0 eng d
037 _aTextual
040 _aFEDL
_beng
_cFEDL
041 _aeng
_2eng
084 _a323.6, ALL
_qFEDL
245 0 _aSocial studies. Part 2
260 _aAllahabad, India
_bGovernment Central Pedagogical Institute
_c1970
300 _aii,203p
490 _aInstructional material series
942 _cTEXL
_h323.6, ALL
999 _c1358765
_d1358765